Procedimientos pacíficos de solución de conflictos laborales (Registro nro. 29701)

Detalles MARC
000 -LEADER
fixed length control field 00342 a2200109 4500
001 - CONTROL NUMBER
control field ART_45757
005 - DATE AND TIME OF LATEST TRANSACTION
control field 20260410161943.0
008 - FIXED-LENGTH DATA ELEMENTS--GENERAL INFORMATION
fixed length control field 260409a
100 1# - MAIN ENTRY--PERSONAL NAME
Personal name Favier, Daniela
245 10 - TITLE STATEMENT
Title Procedimientos pacíficos de solución de conflictos laborales
773 0# - HOST ITEM ENTRY
Title Temas de derecho laboral
Related parts - Nº 3 (mar. 2018)
Record control number REV27619

No hay ítems disponibles.